000 00594nam a2200205Ia 4500
005 20250923145749.0
008 008 250917s9999 xx 000 0 eng d
037 _aTextual
040 _aDSWL
_beng
_cDSWL
041 _aeng
_2eng
084 _aY73(Q2):1:2, N87
_qDSWL
100 _aMadan, T.N.
_9838720
245 0 _aNon-Renunciation: Themes and Interprotations of Hindu Culture
_cby T.N.Madan
260 _aDelhi
_bOxford
_c1987
300 _axii,184p.
365 _aINR
_b120.00
925 _g120.00
942 _cTEXL
_hY73(Q2):1:2, N87
999 _c1455388
_d1455388